| 000 | 00490nam a2200169Ia 4500 | ||
|---|---|---|---|
| 003 | IN-BaIIA | ||
| 008 | 211028s9999 xx 000 0 eng d | ||
| 020 | _a978-0-00-721462-4 | ||
| 040 | _cIIA Library | ||
| 080 |
_a51(091) _bDUS |
||
| 100 |
_aDu Sautoy, Marcus _936102 |
||
| 245 | 0 |
_aFinding moonshine _cMarcus Du Sautoy |
|
| 260 |
_aLondon _bHarper Perennial _c2009 |
||
| 300 | _a376p. | ||
| 650 |
_aSymmetry (Mathematics) _936103 |
||
| 942 | _cBK | ||
| 999 |
_c18883 _d18883 |
||